000 00538nam a2200217Ia 4500
003 OSt
005 20220928141447.0
006 a|||||r|||| 00| 0
007 ta
008 220927b |||||||| |||| 00| 0 eng d
024 _a15203
037 _cTextual
040 _aSDCL
_cSDCL
_beng
041 _2eng
_aeng
082 _aO122,3L13,1, P2
100 _aDiderot Denise
_9500329
245 0 _aRameau ka bhatija.
260 _c2002
942 _hO122,3L13,1, P2
_cTEXL
_2CC
999 _c817612
_d817612